|
|
|
|
| LEADER |
00000nab a2200000 a 4500 |
| 001 |
vtls001508444 |
| 003 |
SK-MaSNL |
| 005 |
20260303075846.0 |
| 008 |
140328s2000 xo 000 0 slo |
| 035 |
|
|
|a SPKCL10771
|
| 040 |
|
|
|a SPKCL
|b slo
|c SNKBUCL
|d ÚIP-SPK(AH)
|e AACR2
|
| 041 |
|
|
|a slo
|
| 044 |
|
|
|a xo
|c SK
|
| 080 |
|
|
|a 929Descartes, René:5:1
|2 1981
|
| 100 |
1 |
|
|a Jedinák, Dušan,
|d 1944-
|4 aut
|9 105574
|
| 245 |
1 |
0 |
|a Myslím, teda som
|b René Descartes - gavalier povolaný hľadať pravdu
|c Dušan Jedinák
|
| 520 |
|
|
|a Informatívny článok o živote, zmýšľaní a postoji k svetu francúzskeho filozofa, matematika a prírodovedca René Descarta. Rozpracoval novú metodológiu a teóriu vedy v diele Rozprava a metóda, čím vytvoril most medzi stredovekým a novovekým myslením.
|
| 600 |
1 |
7 |
|a Descartes, René,
|d 1596-1650
|2 snkbucl
|9 162456
|
| 773 |
1 |
|
|t Historická revue
|g Roč. 11, č. 6 (2000) s. 24
|
| 850 |
|
|
|a Slovenská pedagogická knižnica Bratislava
|
| 852 |
|
|
|a SPKCL
|b KIS3GCP
|b 000710000
|n SK
|
| 999 |
|
|
|c 1777685
|d 1779615
|